000 01289nam a2200313Ia 4500
001 ebr10278716
003 CaPaEBR
006 m u
007 cr cn|||||||||
008 850125s1985 nyuab sb 001 0 eng d
010 _z 85002938
020 _z0195035909
020 _z9780195035902
040 _aCaPaEBR
_cCaPaEBR
035 _a(OCoLC)252540148
050 1 4 _aHC275.Z7
_bL566 1985eb
100 1 _aMerriman, John M.
245 1 4 _aThe Red City
_h[electronic resource] :
_bLimoges and the French nineteenth century /
_cJohn M. Merriman.
260 _aNew York :
_bOxford University Press,
_cc1985.
300 _axix, 332 p. :
_bill., maps.
504 _aIncludes bibliographical references and index.
533 _aElectronic reproduction.
_bPalo Alto, Calif. :
_cebrary,
_d2009.
_nAvailable via World Wide Web.
_nAccess may be limited to ebrary affiliated libraries.
650 0 _aWorking class
_zFrance
_zLimoges
_xHistory
_y19th century.
650 0 _aIndustries
_zFrance
_zLimoges
_xHistory
_y19th century.
651 0 _aLimoges (France)
_xPolitics and government.
655 7 _aElectronic books.
_2local
710 2 _aebrary, Inc.
856 4 0 _uhttp://site.ebrary.com/lib/rucke/Doc?id=10278716
_zAn electronic book accessible through the World Wide Web; click to view
999 _c19912
_d19912